| 000 | 00443nam a22001817a 4500 | ||
|---|---|---|---|
| 003 | OSt | ||
| 008 | 260212b |||||||| |||| 00| 0 eng d | ||
| 020 | _a9789332549319 | ||
| 082 | _a005.73 LAD | ||
| 100 | _aLANGSAM, Yedidyah | ||
| 245 | _a Data Structures using C and C++ | ||
| 250 | _a2nd Ed | ||
| 260 |
_aNew Delhi _bPearson _c2026 |
||
| 300 | _a672p | ||
| 700 | _aAUGENSTEIN,Moshe J | ||
| 700 | _aTENENBAUM,Aaron M | ||
| 942 |
_2ddc _cREF |
||
| 999 |
_c13810 _d13810 |
||